| 000 | 00627nam a2200169 a 4500 | ||
|---|---|---|---|
| 001 | 10765 | ||
| 003 | CO-ViMGA | ||
| 008 | 141112s2004 ck r 000 u spa d | ||
| 040 |
_aCO-ViMGA _bspa _cCO-ViMGA |
||
| 082 | 0 | 4 | _a913.8657 M67a |
| 100 | 1 |
_aMoreno Gonzalez ; Leonardo, _914729 |
|
| 245 | 1 | 0 |
_aArqueología de San Agustín : _bPautas de Asentamiento agustinianas en el Norooccidente de Saladoblanc |
| 260 |
_aBogotá : _bBanco de la República, _c1991 |
||
| 490 | _aPoblación de fundación de Investigaciónes Arqueológicas Nacionales | ||
| 650 | 1 | 4 |
_aARQUEOLOGIA - SAN AGUSTIN - HUILA - COLOMBIA _914730 |
| 942 |
_2ddc _cBK |
||
| 999 |
_c22015 _d22015 |
||